[Event "FEDA International GM 2020"]
[Site "La Palma"]
[Date "2020.12.06"]
[Round "7.4"]
[White "Gines Esteo, Pedro Antonio"]
[Black "Suarez Gomez, Julio"]
[Result "1/2-1/2"]
[WhiteElo "2437"]
[BlackElo "2442"]
[Annotator "TA"]
[PlyCount "85"]
[EventDate "2020.11.29"]
[EventCountry "ESP"]
[SourceTitle "playchess.com"]
[Source "ChessBase"]
[SourceQuality "1"]

{[%evp 12,85,10,12,22,20,5,17,13,35,44,39,41,26,53,48,51,43,44,27,47,41,37,12,13,18,28,28,25,14,25,14,18,0,0,0,6,0,0,0,43,52,44,12,27,12,21,-8,33,33,33,33,50,13,19,19,23,0,0,0,0,0,0,0,0,0,0,0,0,0,0,0,0,0,0,0]} 1. d4 d5 2. c4 e6 3. Nc3 Bb4 4. Nf3 Nf6 5. cxd5 exd5 6. Bg5 h6 7. Bh4 Nc6 {D38: Queen's Gambit Declined: Ragozin Defence (4 Nf3 Bb4).} 8. e3 g5 9. Bg3 Ne4 10. Nd2 Nxg3 11. hxg3 Be6 {[#]} 12. Rc1 $146 ({Predecessor:} 12. Bd3 Qf6 13. a3 Ba5 14. b4 Bb6 15. Nb3 Ne7 16. Nc5 Bxc5 17. bxc5 O-O 18. Qf3 Qxf3 19. gxf3 {0-1 (67) Loiacono,L (2244)-Gilevich,A (2407) Chianciano Terme 2018}) 12... Qd6 13. a3 Bxc3 14. Rxc3 Kf8 15. Nb3 Ne7 16. Nc5 Bc8 17. Qc2 c6 18. Be2 b6 19. Nd3 Bf5 20. Qd2 Kg7 21. g4 Be4 22. Bf3 Raf8 23. b4 f6 24. Qd1 Ra8 25. Rb3 Bxd3 26. Qxd3 b5 27. O-O a5 28. Rc1 axb4 29. Rxb4 Ra7 (29... Qe6 $5 {[%cal Rh6h5]}) 30. Bd1 Rha8 31. Rc3 Rh8 32. Rc5 Qe6 33. a4 bxa4 34. Rxa4 Rxa4 {The position is equal.} 35. Bxa4 Qxg4 36. Bxc6 Rc8 37. Bb7 ({Don't go for} 37. Bxd5 $2 Nxd5 38. f3 Qd7 $19) 37... Rxc5 38. dxc5 Qb4 39. c6 Qe1+ 40. Qf1 Qc3 41. Qb5 Qe1+ 42. Qf1 Qc3 43. Qb5 {Weighted Error Value: White=0.08/Black=0.05} 1/2-1/2

[Event "FEDA International GM 2020"]
[Site "La Palma"]
[Date "2020.12.06"]
[Round "7.5"]
[White "Tejedor Fuente, Enrique"]
[Black "Fier, Alexandr"]
[Result "0-1"]
[WhiteElo "2442"]
[BlackElo "2558"]
[Annotator "ChessBase"]
[PlyCount "126"]
[EventDate "2020.11.29"]
[EventCountry "ESP"]
[SourceTitle "playchess.com"]
[Source "ChessBase"]
[SourceQuality "1"]

1. e4 c5 2. Nf3 e6 3. d4 cxd4 4. Nxd4 Nc6 5. Nc3 Qc7 6. f4 a6 7. Nf3 d6 8. Bd3 Nf6 9. O-O Be7 10. Qe1 Nb4 11. e5 Nxd3 12. cxd3 Nd7 13. Qg3 g6 14. Be3 d5 15. Rac1 Qd8 16. f5 gxf5 17. Qg7 Rf8 18. Qxh7 Nc5 19. Rfd1 d4 20. Bxd4 b6 21. b4 Bb7 22. Ne2 Na4 23. a3 Kd7 24. Rf1 Rc8 25. Qh6 Rg8 26. Qd2 Rxc1 27. Qxc1 Qa8 28. Kh1 a5 29. Qd2 Qa6 30. h3 axb4 31. axb4 Qb5 32. Rb1 Qc6 33. Rf1 Qd5 34. Neg1 Qb3 35. Qe3 Qxb4 36. Rf2 Qb3 37. Nd2 Qd1 38. Bxb6 Bd5 39. Ba5 Ra8 40. Nc4 Bc5 41. Qd2 Qa1 42. Bb4 Bxf2 43. Qxf2 Qb1 44. Nb6+ Nxb6 45. Qxb6 Qxd3 46. Qd6+ Kc8 47. Qf8+ Kb7 48. Qe7+ Ka6 49. Qd6+ Kb5 50. Qc5+ Ka4 51. Bc3 Kb3 52. Qb4+ Kc2 53. Qb2+ Kd1 54. Bd2 Bxg2+ 55. Kh2 Qc2 56. Qxc2+ Kxc2 57. Bg5 Be4 58. h4 Kd3 59. Nh3 Ra2+ 60. Kg1 Ke2 61. h5 Kf3 62. Nf4 Ra1+ 63. Kh2 Kg4 0-1

[Event "FEDA International GM 2020"]
[Site "La Palma"]
[Date "2020.12.07"]
[Round "8.1"]
[White "Nevednichy, Vladislav"]
[Black "Fier, Alexandr"]
[Result "1/2-1/2"]
[WhiteElo "2546"]
[BlackElo "2558"]
[Annotator "TA"]
[PlyCount "27"]
[EventDate "2020.11.29"]
[EventCountry "ESP"]
[SourceTitle "playchess.com"]
[Source "ChessBase"]
[SourceQuality "1"]

{[%evp 26,27,15,0]} 1. e4 e5 2. Nf3 Nc6 3. Bb5 a6 4. Ba4 Nf6 5. O-O Be7 6. Re1 b5 7. Bb3 d6 8. c3 O-O 9. h3 Bb7 10. d4 {[#]} Re8 $146 ({Predecessor:} 10... Nd7 11. Be3 exd4 12. cxd4 Na5 13. d5 Nxb3 14. axb3 c5 15. dxc6 Bxc6 16. Nc3 Bb7 17. Nd4 g6 18. Nd5 Re8 19. Rc1 Nc5 20. b4 Bxd5 21. exd5 {1-0 (54) Fedoseev,V (2678)-Kovalev,V (2648) chess.com INT 2020}) 11. Ng5 Rf8 12. Nf3 Re8 13. Ng5 Rf8 14. Nf3 1/2-1/2

[Event "FEDA International GM 2020"]
[Site "La Palma"]
[Date "2020.12.07"]
[Round "8.2"]
[White "Suarez Gomez, Julio"]
[Black "Tejedor Fuente, Enrique"]
[Result "1-0"]
[WhiteElo "2442"]
[BlackElo "2442"]
[Annotator "TA"]
[PlyCount "115"]
[EventDate "2020.11.29"]
[EventCountry "ESP"]
[SourceTitle "playchess.com"]
[Source "ChessBase"]
[SourceQuality "1"]

{[%evp 13,115,31,53,33,84,88,92,44,47,55,72,65,86,90,89,65,62,60,131,121,121,117,139,134,147,110,104,106,137,129,132,74,111,112,116,110,129,114,233,232,216,202,197,191,304,294,287,196,184,132,120,93,100,103,95,93,111,103,110,115,110,106,223,223,217,202,202,198,264,259,298,298,293,229,289,289,286,229,285,277,358,341,412,212,404,208,335,290,916,890,29977,29978,29978,29979,29975,29976,29975,29976,29975,29976,29965,29962,4610,1927]} 1. e4 c5 2. Nf3 Nc6 3. Bb5 d6 4. O-O Nf6 5. Re1 Bd7 6. c3 a6 7. Bf1 e5 8. d4 {B51: Sicilian: Moscow Variation (3 Bb5+) without 3...Bd7.} Be7 {is the legacy move (8...cxd4).} (8... cxd4 $14 9. cxd4 exd4) 9. d5 $16 Nb8 {[#]} 10. b4 $146 {White is better.} ({Predecessor:} 10. h3 O-O 11. Nxe5 dxe5 12. d6 Re8 13. dxe7 Qxe7 14. Nd2 Rd8 15. Qf3 Bb5 16. Nc4 {1-0 (38) Barbosa,E (2435)-Mafra,K (2138) Sao Bento do Sul 2013}) 10... cxb4 11. cxb4 Bg4 12. h3 Bxf3 13. Qxf3 (13. gxf3 $6 Nh5 $11) 13... Nbd7 14. Bd2 O-O 15. a4 g6 {[#]} (15... Ne8 $14) 16. Bh6 $1 Re8 17. Nd2 Kh8 18. Nc4 Ng8 19. Bd2 Rf8 20. Bd3 Rc8 21. Rec1 Nb6 22. Ne3 ({White should play} 22. Nxb6 Qxb6 23. b5) 22... Bg5 23. a5 Nd7 24. Qd1 Qe7 25. Rc2 f5 (25... Kg7 $16 26. Rac1 Rxc2 27. Rxc2 (27. Qxc2 Ndf6 $16) (27. Bxc2 Rc8 $16) 27... Qd8) 26. Rxc8 $18 ({Don't take} 26. exf5 $6 Rxc2 27. Qxc2 (27. Bxc2 Bxe3 28. fxe3 gxf5 $16) 27... Qg7) 26... Rxc8 27. exf5 e4 28. Bf1 Bxe3 (28... Kg7 $142 29. fxg6 hxg6) 29. Bxe3 ({Less strong is} 29. fxe3 gxf5 30. Rc1 Rxc1 $16) 29... gxf5 30. Qh5 Qf6 31. Rd1 ({White should try} 31. Rc1 $18 Rxc1 32. Bxc1) 31... Ne5 $16 32. b5 axb5 33. Bxb5 Ne7 34. Bg5 Qg7 35. Bxe7 Rg8 {[%csl Gg8][%cal Rg7g2] [#]} 36. Bf1 $1 Qxe7 37. Qxf5 e3 (37... Nd7 $16 {keeps fighting.}) 38. fxe3 $18 Rf8 39. Qe6 Qd8 {White must now prevent ...Rf6.} 40. Rc1 Re8 (40... Kg7 $142 41. Kh2 Re8) 41. Qh6 Rf8 42. a6 bxa6 43. Bxa6 $40 {[%mdl 128] Strongly threatening Rc8! Black is in trouble.} Rf6 {[#]} 44. Rc8 $1 Rxh6 45. Rxd8+ {[%mdl 4096] Endgame KRB-KRN} Kg7 46. Bc8 Rf6 47. Be6 Nc4 48. Rg8+ Kh6 49. e4 (49. g4 $142 {g5+ would kill now.} Rg6 50. Rc8) 49... Ne3 (49... Rf4 $142 50. Rh8 Rxe4 51. Rxh7+ Kg5 52. Rg7+ Kf6) 50. g4 {Threatening mate with g5+.} Rf1+ $2 (50... Rf4 51. Kh2 Rxe4) 51. Kh2 Nc4 52. Kg3 Rg1+ 53. Kf2 Ra1 54. Bf7 {[%csl Gg8][%cal Rg4g5]} Ra2+ 55. Kg3 {[%csl Gg8][%cal Rg4g5]} Rg2+ 56. Kxg2 {[%csl Gg8][%cal Rg4g5]} Ne3+ 57. Kg1 {[%csl Gg8][%cal Rg4g5]} Nxg4 58. Be6 {Weighted Error Value: White=0.16/Black=0.40} 1-0

[Event "FEDA International GM 2020"]
[Site "La Palma"]
[Date "2020.12.07"]
[Round "8.3"]
[White "Martin Duque, Jesus"]
[Black "Gines Esteo, Pedro Antonio"]
[Result "0-1"]
[WhiteElo "2422"]
[BlackElo "2437"]
[Annotator "TA"]
[PlyCount "84"]
[EventDate "2020.11.29"]
[EventCountry "ESP"]
[SourceTitle "playchess.com"]
[Source "ChessBase"]
[SourceQuality "1"]

{[%evp 11,84,18,16,-3,18,20,18,21,21,21,24,11,14,2,6,4,4,0,6,0,43,0,0,0,0,0,0,0,0,0,0,0,0,-35,-37,-42,-18,-43,-27,-42,-39,-35,-29,-32,-37,-39,-22,-37,-28,-35,-31,-38,-35,-43,-44,-122,-115,-163,-135,-512,-369,-643,-370,-466,-460,-29986,-29987,-29987,-29988,-29988,-29989,-29989,-29990,-29993,-29994]} 1. e4 c6 2. d4 d5 3. e5 Bf5 4. h4 h5 5. Bd3 Bxd3 6. Qxd3 e6 7. Bg5 {B12: Caro-Kann: Advance Variation.} Be7 (7... Qb6 {keeps more tension.} 8. Nd2 c5 9. c3 Ne7 10. Ne2 Nbc6) 8. Nf3 Nh6 9. Nc3 {The position is equal. 9.Nc3 has become a bit dusty these days.} Nf5 10. Ne2 c5 11. c3 cxd4 12. Bxe7 Qxe7 13. Nexd4 Nxd4 14. Qxd4 {[#]} Nc6 $146 ({Predecessor:} 14... O-O 15. O-O Rc8 16. Rad1 Rc4 17. Qd3 Nd7 18. g3 Rac8 19. Ng5 g6 20. Rfe1 b5 {½-½ (40) Claridge,J (2401)-Obertin,F (2424) ICCF email 2018}) 15. Qf4 O-O-O 16. O-O-O Kb8 17. Rh3 Qc7 18. Kb1 Rd7 19. Nd4 a6 ({Much weaker is} 19... Nxe5 20. Nb5 $16) 20. Rg3 g6 21. Re3 Na5 22. b3 Rc8 23. Ka1 Ka8 24. f3 Qd8 25. Rh1 Qe7 26. Kb2 Rdc7 27. Rd3 b5 28. a3 Nb7 29. g4 Nc5 30. Re3 $1 Rh8 31. Qg5 Kb7 32. Ne2 a5 33. Nf4 ({White should try} 33. Nd4 $15) 33... Qd7 $17 34. Rd1 {[#]} b4 $1 {[%mdl 512]} 35. a4 $2 {[%mdl 8192] Loses the game.} (35. axb4 $17 {is more resistant.} axb4 36. Rd4) 35... hxg4 {And now ...Qc6 would win.} 36. Qxg4 $2 (36. Ne2 gxf3 37. Rxf3) 36... Ka8 {Strongly threatening ...Nxa4+!} 37. c4 Qc6 38. cxd5 {[#]} (38. Nxd5 $19 Rd7 {[%mdl 64] Pin} 39. Ne7 Rxe7 40. Rd6) 38... Nxa4+ $1 {[%mdl 512] Black mates.} 39. Ka1 (39. bxa4 Qc2+) 39... Qc2 {[%csl Ga4][%cal Rc2b2]} 40. Rb1 {[#]} Nc3 $1 {[%mdl 512]} 41. Rxc3 Qxc3+ {[%mdl 64] Double Attack} 42. Rb2 Qe1+ {[%mdl 64] Decoy.  Weighted Error Value: White=0.62/Black=0.22} 0-1

[Event "FEDA International GM 2020"]
[Site "La Palma"]
[Date "2020.12.07"]
[Round "8.4"]
[White "Vasquez Schroeder, Rodrigo"]
[Black "Studer, Noel"]
[Result "0-1"]
[WhiteElo "2441"]
[BlackElo "2582"]
[Annotator "ChessBase"]
[PlyCount "96"]
[EventDate "2020.11.29"]
[EventCountry "ESP"]
[SourceTitle "playchess.com"]
[Source "ChessBase"]
[SourceQuality "1"]

1. d4 Nf6 2. Nf3 d5 3. c4 e6 4. Nc3 Bb4 5. Qa4+ Nc6 6. Bg5 dxc4 7. e4 Bd7 8. Qc2 h6 9. Bd2 b5 10. Nxb5 Bxd2+ 11. Nxd2 a6 12. Nc3 Nxd4 13. Qd1 O-O 14. Nxc4 Nb5 15. Bd3 Nxc3 16. bxc3 Bb5 17. Qe2 Nd7 18. Nb2 Nc5 19. Bc4 Qh4 20. Bxb5 axb5 21. Nd3 Nxe4 22. g3 Qf6 23. Qxe4 Qxc3+ 24. Ke2 Qc2+ 25. Ke3 Ra4 26. Qe5 Rd8 27. Qxb5 Ra3 28. Kf3 c6 29. Qb1 Raxd3+ 30. Kg2 Qc5 31. Rf1 h5 32. h4 Qd5+ 33. Kh2 g5 34. Rg1 Qd4 35. Qc1 Rd2 36. Rg2 c5 37. Rb1 gxh4 38. gxh4+ Kf8 39. Kh3 Rd3+ 40. Kh2 Rd2 41. Kh3 Qe5 42. Rg5 R8d3+ 43. Kg2 Qe4+ 44. Kg1 c4 45. Rg2 Qd4 46. Kh2 Qxh4+ 47. Kg1 Qd4 48. Kh2 Qd6+ 0-1

[Event "FEDA International GM 2020"]
[Site "La Palma"]
[Date "2020.12.07"]
[Round "8.5"]
[White "Vega Gutierrez, Sabrina"]
[Black "Espinosa Aranda, Angel"]
[Result "1-0"]
[WhiteElo "2368"]
[BlackElo "2500"]
[Annotator "TA"]
[PlyCount "87"]
[EventDate "2020.11.29"]
[EventCountry "ESP"]
[SourceTitle "playchess.com"]
[Source "ChessBase"]
[SourceQuality "1"]

{[%evp 10,87,53,25,46,43,59,37,37,47,45,41,46,48,37,0,0,0,0,0,23,0,-2,-82,100,95,117,110,121,92,97,110,180,40,52,48,86,95,90,6,11,9,8,0,0,0,40,47,87,91,260,260,259,246,232,167,329,327,334,316,294,316,308,227,201,193,432,412,531,520,724,714,702,689,1075,1068,1076,2799,1962,1789]} 1. e4 c5 2. Nf3 g6 3. d4 cxd4 4. Nxd4 Nf6 5. Nc3 d6 6. Be3 Nc6 {B72: Sicilian Dragon: 6 Be3, lines with h3+Bc4 and sidelines.} 7. f3 h5 8. Qd2 Nxd4 {White is slightly better.} 9. Bxd4 Bh6 10. Qf2 Qa5 11. Bb5+ Kf8 $1 12. O-O e5 13. Be3 Bxe3 14. Qxe3 Be6 {[#]} 15. Rad1 $146 ({Predecessor:} 15. Ba4 Qc5 16. Rfe1 a6 17. Bb3 Qxe3+ 18. Rxe3 Bxb3 19. axb3 Rc8 20. Rd3 Ke7 21. Rd2 {1-0 (60) Perez Manas,B (2259)-Martinez Martin,D (2389) Linares 2020}) 15... Rc8 16. Rxd6 {[#]} (16. Be2 $11) 16... Rxc3 $2 (16... Qb4 $1 $17 {[%cal Rb4d6]} 17. Rd3 a6 {[%mdl 64] Remove Defender}) 17. Qxc3 $16 ({Of course not} 17. bxc3 $6 Qxb5 18. Qxa7 Kg7 $11) 17... Qxb5 {[#]} 18. a4 $1 {[%cal Ra4b5][%mdl 512]} Qe8 (18... Qxa4 19. Qxe5) 19. Qxe5 Qe7 20. f4 Rh6 (20... Rg8 $16 {was called for.}) 21. f5 ({White should play} 21. Rfd1 $18) 21... gxf5 $1 $14 22. exf5 Bd7 23. Qf4 Kg7 {[#]} 24. Qg3+ (24. Qd2 $1 $16) 24... Kh7 $1 $11 25. Re1 Qf8 26. Qd3 {Qd4 is the strong threat.} Bc6 27. b4 Qg7 {[%csl Gc6][%cal Rg7g2]} 28. Re2 Qg5 29. b5 $36 {[%mdl 2048] Keeping Black busy.} Qc1+ $2 {This costs Black the game.} (29... Be4 $16 30. Qe3 Qxf5) 30. Qd1 $18 Qxd1+ 31. Rxd1 Be4 32. Rd6 Bxf5 $2 (32... Kg7 {keeps fighting.}) 33. Re7 $1 {[%csl LRb7,LRf7]} Kg7 34. Rxb7 Rh8 35. Rxa7 Rc8 36. Rd2 Ne4 37. Re2 Rd8 $2 (37... Rc4 38. h4 Rb4) 38. Re1 Rd2 39. b6 {[%cal Bb5b6,Bb6b7][%mdl 32] Hoping for b7.White is clearly winning.} Rxc2 40. Ra5 {Strongly threatening b7.} Nd6 41. Rd1 Rc6 {[#]} 42. Rxd6 $1 {[%mdl 512]} Rxd6 43. b7 Rb6 44. Rb5 {Weighted Error Value: White=0.27/Black=0.32} 1-0

[Event "FEDA International GM 2020"]
[Site "La Palma"]
[Date "2020.12.08"]
[Round "9.1"]
[White "Espinosa Aranda, Angel"]
[Black "Nevednichy, Vladislav"]
[Result "1/2-1/2"]
[WhiteElo "2500"]
[BlackElo "2546"]
[Annotator "RC"]
[PlyCount "72"]
[EventDate "2020.11.29"]
[EventCountry "ESP"]

1. e4 c5 2. Nf3 d6 3. d4 cxd4 4. Nxd4 Nf6 5. Nc3 Nc6 6. Bg5 e6 7. Qd3 Be7 8. O-O-O O-O 9. f4 Nxd4 10. Qxd4 Qa5 11. e5 dxe5 12. Qxe5 Qxe5 13. fxe5 Nd5 14. Bxe7 Nxe7 15. Bd3 b6 16. Be4 Rb8 17. Rhe1 Bb7 18. Rd7 Bxe4 19. Rxe4 Nc6 20. Nb5 Rfd8 21. Rd6 Rdc8 22. Rc4 Nxe5 23. Rxc8+ Rxc8 24. Nxa7 Rb8 25. a4 Nc4 26. Rc6 Ne5 27. Rc7 Kf8 28. Nc6 Nxc6 29. Rxc6 e5 30. Kd2 Ke7 31. b4 f5 32. b5 Rd8+ 33. Ke2 Rd6 34. Rc7+ Rd7 35. Rc6 Rd6 36. Rc7+ Rd7 1/2-1/2

[Event "FEDA International GM 2020"]
[Site "La Palma"]
[Date "2020.12.08"]
[Round "9.2"]
[White "Studer, Noel"]
[Black "Vega Gutierrez, Sabrina"]
[Result "1-0"]
[WhiteElo "2582"]
[BlackElo "2368"]
[Annotator "ChessBase"]
[PlyCount "61"]
[EventDate "2020.11.29"]
[EventCountry "ESP"]
[SourceTitle "playchess.com"]
[Source "ChessBase"]
[SourceQuality "1"]

1. d4 d5 2. c4 e6 3. Nf3 c6 4. e3 Nf6 5. Bd3 dxc4 6. Bxc4 Nbd7 7. O-O Bd6 8. Nc3 b5 9. Bb3 b4 10. Na4 Bb7 11. Qe2 O-O 12. e4 e5 13. Bg5 Qa5 14. Rfd1 Rae8 15. Rac1 exd4 16. Rxd4 Bb8 17. Bxf6 Nxf6 18. Nc5 Bc8 19. h3 Re7 20. e5 Rfe8 21. Nd3 Ba6 22. Qd2 Nd7 23. e6 fxe6 24. Nxb4 Ne5 25. Nxe5 Bxe5 26. Nxc6 Qxd2 27. Nxe7+ Kf7 28. Rxd2 Bf4 29. Rc6 Bxd2 30. Nf5 Kf6 31. Nd6 1-0

[Event "FEDA International GM 2020"]
[Site "La Palma"]
[Date "2020.12.08"]
[Round "9.3"]
[White "Gines Esteo, Pedro Antonio"]
[Black "Vasquez Schroeder, Rodrigo"]
[Result "1/2-1/2"]
[WhiteElo "2437"]
[BlackElo "2441"]
[Annotator "RC"]
[PlyCount "77"]
[EventDate "2020.11.29"]
[EventCountry "ESP"]

1. c4 Nf6 2. Nc3 c5 3. Nf3 e6 4. g3 b6 5. Bg2 Bb7 6. O-O a6 7. d4 cxd4 8. Qxd4 d6 9. Bg5 Nbd7 10. Rad1 Be7 11. Qd2 O-O 12. Bf4 Ne8 13. b3 Qc7 14. Rc1 Rc8 15. Rfd1 Qb8 16. h4 Ndf6 17. a4 Ba8 18. Qa2 Nh5 19. Bg5 Nef6 20. g4 h6 21. gxh5 hxg5 22. hxg5 Nxh5 23. Qd2 g6 24. Qd4 Rc5 25. Kf1 Bxg5 26. Nxg5 Rxg5 27. Bxa8 Qxa8 28. f3 Rf5 29. Qxd6 Rc8 30. Kf2 Nf6 31. Qxb6 Rb8 32. Qc7 Kg7 33. Rb1 Rb7 34. Qd8 Qa7+ 35. Qd4 Qb8 36. Qd6 Qa7+ 37. Qd4 Qb8 38. Qd6 Qa7+ 39. Qd4 1/2-1/2

[Event "FEDA International GM 2020"]
[Site "La Palma"]
[Date "2020.12.08"]
[Round "9.4"]
[White "Tejedor Fuente, Enrique"]
[Black "Martin Duque, Jesus"]
[Result "0-1"]
[WhiteElo "2442"]
[BlackElo "2422"]
[Annotator "TA"]
[PlyCount "144"]
[EventDate "2020.11.29"]
[EventCountry "ESP"]
[SourceTitle "playchess.com"]
[Source "ChessBase"]
[SourceQuality "1"]

{[%evp 15,144,65,84,14,13,28,33,17,21,0,20,8,6,25,18,23,15,20,29,41,29,18,27,-180,-174,-185,-158,-284,-282,-288,-276,-272,-168,-178,0,-141,-137,-127,-129,-123,-62,-113,-103,-100,0,-67,0,-47,-10,-141,-118,-385,-245,-350,-317,-381,-337,-371,-365,-593,-597,-590,-592,-575,-384,-424,-314,-311,-292,-339,-246,-243,-225,-290,-265,-297,-289,-292,-291,-428,-429,-429,-420,-468,-455,-551,-552,-619,-582,-499,-483,-1093,-1133,-1130,-1118,-1014,-1037,-1285,-1259,-2097,-2410,-3461,-2464,-29975,-29976,-29975,-29977,-29977,-29978,-29978,-29976,-29960,-4134,-29980,-29981,-29980,-29981,-29983,-29984,-29984,-29983,-29979,-29980,-29986,-29983,-29983,-29983,-29988,-29989,-29989,-29990]} 1. e4 c5 2. Nf3 d6 3. d4 cxd4 4. Nxd4 Nf6 5. Nc3 g6 6. Be3 Bg7 7. f3 a6 8. Qd2 Nbd7 {8...h5 is more fashionable.} 9. Bh6 {B75: Sicilian Dragon: Yugoslav Attack, Miscellaneous.} (9. g4 $16) 9... Bxh6 $11 10. Qxh6 b5 11. O-O-O {White is slightly better.} Bb7 12. h4 Rc8 13. h5 {next hxg6 is good for White.} Rg8 14. hxg6 hxg6 15. Kb1 b4 16. Nce2 {[#]} e5 $146 ({Predecessor:} 16... Qc7 17. Qd2 e5 18. Nb3 Ke7 19. c3 Nc5 20. Nxc5 dxc5 21. Qg5 Rgd8 22. Rc1 Qd6 {1-0 (33) Bogdanovich,S (2603)-Kislinsky,A (2448) Lvov 2019}) 17. Nb3 $1 Qb6 18. Qd2 Ke7 19. g4 $2 {[#]} (19. Ng3 $11 {and White stays safe.}) 19... Nxe4 $1 $19 {[%mdl 512]} 20. fxe4 Bxe4 {[%mdl 64] Double Attack} 21. Ng3 (21. Rg1 $17 {was worth a try.} Rxc2 22. Qg5+ f6 23. Qh6 Rxe2+ {[%mdl 64] Discovered Attack} 24. Ka1) 21... Bxc2+ {[%mdl 64] Double Attack} 22. Ka1 Bxd1 23. Qxd1 Qe3 24. Rh3 {Threatens to win with Nf5+!} Qb6 $2 (24... Qf4 $19 25. Bxa6 Rh8) 25. Ne4 (25. Rh1 $1 $11) 25... Qc6 $17 26. Bg2 d5 27. Ng5 {[#]} Nf6 (27... e4 $1 $17 {White must now prevent ...Ne5.} 28. Re3 Rh8 29. Nxe4 dxe4 30. Rxe4+ Kd8) 28. Re3 (28. Rf3 $15) 28... e4 29. Re1 Qb6 {[#]} (29... Qd6 $17 30. Rf1 Rh8) 30. Rf1 (30. Nxf7 $1 $11 {[%mdl 512]} Kxf7 31. g5) 30... Rgf8 (30... Rgd8 $15) 31. Qd2 Rc6 32. Nd4 {Black continues to play with concentration.} (32. Qf4 $11) 32... Rc4 33. Ne2 $2 {[%mdl 8192]} (33. Nb3 $17) 33... Qc7 34. b3 (34. Kb1 $142 Qe5 35. Nh3 {[%mdl 64] Remove Defender, Decoy}) 34... Qe5+ $19 35. Qb2 Qxb2+ 36. Kxb2 Rc5 37. Bh3 $2 (37. Nf4 {was necessary.} Rd8 38. Kb1) 37... Rfc8 {aiming for ...Rc2+.} 38. Nd4 Rc3 39. Rf2 Rh8 40. Bf1 e3 41. Rg2 a5 42. Bb5 Kf8 43. Ne2 Rc5 44. Bd3 Kg7 45. Nf3 Rh1 46. Ng3 Rh3 47. Nd4 (47. g5 $142 Ng4 48. Nd4) 47... Nxg4 48. Nge2 Ne5 49. Bf5 Rh4 50. Bb1 {And now Nf5+ would win.} Rg4 51. Rh2 Nc6 52. Nf3 d4 53. a3 (53. Bd3 $142) 53... Rh5 54. Rxh5 gxh5 55. axb4 axb4 56. Bd3 Kf6 57. Bb5 {[#]} d3 $1 58. Bxd3 Ne5 59. Nxe5 Kxe5 60. Kc2 h4 61. Ba6 {Cut Off at move 61} h3 62. Kd3 h2 63. Bb7 Rg1 64. Kxe3 h1=Q {Black mates.} 65. Bxh1 Rxh1 {[%mdl 4096] Endgame KR-KN} 66. Kd3 f5 67. Kc4 Rh4+ 68. Kc5 Re4 69. Nc1 f4 70. Nd3+ Kf5 71. Nxb4 {[#]} Rxb4 $1 {[%mdl 576] Promotion} 72. Kxb4 f3 {Weighted Error Value: White=0.83/Black=0.21} 0-1

[Event "FEDA International GM 2020"]
[Site "La Palma"]
[Date "2020.12.08"]
[Round "9.5"]
[White "Fier, Alexandr"]
[Black "Suarez Gomez, Julio"]
[Result "1/2-1/2"]
[WhiteElo "2558"]
[BlackElo "2442"]
[Annotator "TA"]
[PlyCount "142"]
[EventDate "2020.11.29"]
[EventCountry "ESP"]
[SourceTitle "playchess.com"]
[Source "ChessBase"]
[SourceQuality "1"]

{[%evp 10,142,30,23,29,29,29,30,27,37,47,48,68,51,54,51,49,43,54,0,48,42,52,52,52,50,50,52,62,34,51,47,56,42,109,119,277,278,273,279,262,274,252,209,206,148,148,145,129,144,144,146,382,119,133,130,149,143,190,187,202,181,185,149,149,149,149,149,149,149,149,149,149,149,152,142,183,183,184,118,118,118,118,118,118,118,133,126,126,126,133,133,133,133,133,8,8,8,8,8,8,8,8,8,8,8,8,16,38,8,8,8,8,8,8,8,8,8,8,8,8,8,8,8,8,8,8,8,8,8,8,8,8,8,59]} 1. e4 e6 2. d4 d5 3. Nc3 Bb4 4. exd5 exd5 5. Bd3 Nc6 6. Nf3 Nge7 {C01: French: Exchange Variation.} 7. O-O O-O 8. Ne2 Bd6 {[#] White has an edge.} 9. Ng3 $146 ({Predecessor:} 9. c3 Bf5 10. Bf4 Re8 11. Bg3 Be4 12. Bxe4 dxe4 13. Nd2 Nf5 14. Qc2 Bxg3 15. Nxg3 Nxg3 16. fxg3 {1-0 (38) Mulde,R (2222)-Thomas,T (2147) ICCF email 2018}) 9... h6 10. c3 Bxg3 11. hxg3 Bf5 12. Bxf5 Nxf5 13. g4 Nd6 14. Ne5 (14. g5 $14) 14... Ne7 15. Bf4 f6 16. Nd3 b6 17. Qa4 c6 18. Rae1 Qd7 19. Re2 Nf7 20. Rfe1 Rae8 21. Bg3 f5 (21... Ng6 $14) 22. Nf4 $16 {[#] Ne6 is the strong threat.} Nd8 $2 (22... fxg4 $16 {was worth a try.} 23. Ne6 Nf5) 23. Qa3 $18 {[%cal Re2e7]} Nc8 24. Ng6 fxg4 25. Nxf8 Rxf8 26. Qa6 Nf7 27. Qd3 Ng5 28. Qg6 Ne4 29. Rxe4 dxe4 30. Rxe4 Ne7 $2 (30... Rf7 $16 31. Qxg4 Qxg4 32. Rxg4 Ne7) 31. Qxg4 $2 (31. Qd6 $18 {is the precise move to win.} Qxd6 32. Bxd6) 31... Qxg4 $16 32. Rxg4 $18 {[%mdl 4096] Endgame KRB-KRN} Nf5 33. Be5 g5 34. Re4 Re8 35. f3 Kf7 36. Kf2 h5 37. Bh2 Re6 38. Rxe6 Kxe6 $16 {KB-KN} 39. g4 hxg4 40. fxg4 Nh6 41. Kf3 Nf7 42. c4 b5 43. d5+ Kd7 44. dxc6+ (44. cxb5 $18 cxb5 45. Ke4) 44... Kxc6 45. cxb5+ Kxb5 46. Bg1 a6 47. Bd4 {Threatens to win with Bg7.} Kc4 48. Bg7 Kd5 49. Ke3 Nd6 50. b3 Nf7 51. Kd3 Nd6 52. a4 (52. Bb2 $16) 52... Ne4 $11 53. Bd4 Nd6 $1 54. Ke3 Nf7 55. Bc3 Nh6 56. Kf3 Nf7 57. Bg7 Nd6 58. Ke3 Nf7 $1 59. Kd3 Nd6 {The position is equal.} 60. Kc3 {next Kb4 is good for White.} Ne4+ 61. Kb4 {Black must now prevent Ka5. Cut Off at move 61} Kc6 62. Bd4 Kd5 63. Be3 {[#] And now Ka5 would win.} Kc6 $1 64. Kc4 Nf6 65. Kd4 ({Don't do} 65. Bxg5 $6 Nxg4 66. Kd4 Kd6 $16) 65... Nxg4 66. Bxg5 Nf2 67. Bh4 Nd1 68. Be1 Nb2 69. a5 {aiming for Kc3.} Kb5 70. Kc3 Na4+ 71. bxa4+ Kc6 {White really could win this.  Weighted Error Value: White=0.16/Black=0.15} (71... Kxa5 $11 72. Kb3+ Kb6) 1/2-1/2